[Event "UKR-ch U16 Girls"]
[Site "Vinnytsia"]
[Date "2018.03.10"]
[Round "5"]
[White "Hrebenshchykova, Yelyzaveta"]
[Black "Biliak, Viktoria"]
[Result "1-0"]
[WhiteElo "1783"]
[BlackElo "1565"]
[PlyCount "81"]
[EventDate "2018.03.07"]
[EventType "tourn"]
[EventRounds "11"]
[EventCountry "UKR"]
[SourceTitle "CBM 183 Extra"]
[Source "ChessBase"]
[SourceDate "2018.04.19"]
[SourceVersion "1"]
[SourceVersionDate "2018.04.19"]
[SourceQuality "1"]

1. e4 e6 2. d4 d5 3. Nd2 Nf6 4. e5 Nfd7 5. Bd3 c5 6. c3 Nc6 7. Ne2 f6 8. exf6 Nxf6 9. Nf3 Bd7 10. 0-0 cxd4 11. cxd4 Be7 12. Nf4 0-0 13. Re1 Qc8 14. a3 Bd6 15. Nh3 h6 16. b4 a6 17. Bb2 b5 18. Rc1 Qb7 19. Ne5 Bxe5 20. dxe5 Ne8 21. Bb1 a5 22. Qd3 Ne7 23. Bd4 Nf5 24. Bc5 Rf7 25. g4 g6 26. gxf5 gxf5 27. Re3 Ng7 28. Nf4 a4 29. Qd4 Qb8 30. Kf1 Kh7 31. Ke2 Qd8 32. Rg1 Qh4 33. Rh3 Qd8 34. Rg6 h5 35. Rf6 Rxf6 36. exf6 e5 37. Qxe5 Qe8 38. Be7 Qc8 39. fxg7 Qc4+ 40. Kd2 Qb3 41. Rxh5+ 1-0

[Event "UKR-ch U16 Girls"]
[Site "Vinnytsia"]
[Date "2018.03.09"]
[Round "3"]
[White "Biliak, Viktoria"]
[Black "Berdnyk, Mariia"]
[Result "0-1"]
[WhiteElo "1565"]
[BlackElo "2220"]
[PlyCount "60"]
[EventDate "2018.03.07"]
[EventType "tourn"]
[EventRounds "11"]
[EventCountry "UKR"]
[SourceTitle "CBM 183 Extra"]
[Source "ChessBase"]
[SourceDate "2018.04.19"]
[SourceVersion "1"]
[SourceVersionDate "2018.04.19"]
[SourceQuality "1"]

1. d4 Nf6 2. Nf3 g6 3. Bf4 Bg7 4. h3 0-0 5. e3 d6 6. Nbd2 c5 7. c3 Nc6 8. Be2 cxd4 9. exd4 Re8 10. 0-0 e5 11. dxe5 dxe5 12. Bh2 e4 13. Ne1 Be6 14. Bc4 Qe7 15. Bxe6 Qxe6 16. Qb3 Qe7 17. Nc4 Rad8 18. Nc2 Rd3 19. Rfd1 Red8 20. N2e3 Ne8 21. a4 Nd4 22. Qa3 Qg5 23. Kf1 Nc2 24. Nxc2 Rxd1+ 25. Rxd1 Rxd1+ 26. Ke2 Qc1 27. Qb3 Bh6 28. f4 exf3+ 29. gxf3 Rh1 30. Bg3 Qf1# 0-1

[Event "UKR-ch U16 Girls"]
[Site "Vinnytsia"]
[Date "2018.03.08"]
[Round "2"]
[White "Dubovyk, Anastasiia"]
[Black "Biliak, Viktoria"]
[Result "1/2-1/2"]
[WhiteElo "1797"]
[BlackElo "1565"]
[PlyCount "91"]
[EventDate "2018.03.07"]
[EventType "tourn"]
[EventRounds "11"]
[EventCountry "UKR"]
[SourceTitle "CBM 183 Extra"]
[Source "ChessBase"]
[SourceDate "2018.04.19"]
[SourceVersion "1"]
[SourceVersionDate "2018.04.19"]
[SourceQuality "1"]

1. e4 e6 2. d4 d5 3. e5 c5 4. c3 Nc6 5. Nf3 Qb6 6. a3 c4 7. Nbd2 Na5 8. Ng5 h6 9. Nh3 Ne7 10. g3 Bd7 11. Bg2 Nb3 12. Nxb3 Ba4 13. 0-0 Qxb3 14. Qxb3 Bxb3 15. f4 g6 16. Nf2 Bg7 17. Ng4 h5 18. Ne3 Ba4 19. Bf3 0-0-0 20. h3 Nf5 21. Kf2 Nxe3 22. Bxe3 Kc7 23. Ke2 Bc2 24. Kd2 Ba4 25. Rh1 Rdg8 26. g4 hxg4 27. hxg4 Rxh1 28. Rxh1 Rh8 29. Rxh8 Bxh8 30. f5 Bg7 31. Bg5 Kd7 32. Bf4 Ke8 33. Kc1 Kd7 34. Bg5 Ke8 35. Kd2 Kd7 36. Bg2 Ke8 37. Kc1 Kd7 38. Bh1 Ke8 39. Kd2 Kd7 40. Bf3 Ke8 41. f6 Bf8 42. Bd1 Bxd1 43. Kxd1 Kd7 44. Kc2 b5 45. Bc1 a5 46. Bd2 1/2-1/2

[Event "UKR-ch U14 Girls"]
[Site "Vinnytsia"]
[Date "2016.04.14"]
[Round "10"]
[White "Biliak, Viktoria"]
[Black "Berdnyk, Mariia"]
[Result "0-1"]
[WhiteElo "1719"]
[BlackElo "1943"]
[PlyCount "92"]
[EventDate "2016.04.06"]
[EventType "tourn"]
[EventRounds "11"]
[EventCountry "UKR"]
[SourceTitle "CBM 171 Extra"]
[Source "ChessBase"]
[SourceDate "2016.04.26"]
[SourceVersion "1"]
[SourceVersionDate "2016.04.26"]
[SourceQuality "1"]

1. d4 Nf6 2. Nc3 d5 3. Bf4 g6 4. Qd2 Bf5 5. f3 c5 6. Nb5 Na6 7. h4 h5 8. a3 Qb6 9. e3 Rc8 10. c3 c4 11. a4 Bg7 12. g3 Bd7 13. Bh3 0-0 14. Bxd7 Nxd7 15. Ne2 e5 16. dxe5 Nxe5 17. Bxe5 Bxe5 18. 0-0 Rfe8 19. Kg2 Bg7 20. Nbd4 Re5 21. f4 Re7 22. Rf3 Nc5 23. a5 Qd6 24. Re1 Rce8 25. Nc1 Re4 26. Nc2 Qe6 27. Rd1 Nb3 28. Nxb3 cxb3 29. Nd4 Bxd4 30. cxd4 Rc8 31. Rc1 Rc6 32. Rxc6 Qxc6 33. Rf2 Qc4 34. Kf3 Re6 35. Qe2 Qa4 36. Qd2 Qa1 37. Qd3 Qh1+ 38. Ke2 Rc6 39. Rf1 Qg2+ 40. Kd1 Qxb2 41. Qd2 Rc2 42. Rf2 Qb1+ 43. Ke2 Rxd2+ 44. Kxd2 b2 45. Re2 Qc1+ 46. Kd3 b1B+ 0-1

[Event "UKR-ch U14 Girls"]
[Site "Vinnytsia"]
[Date "2016.04.11"]
[Round "7"]
[White "Kozachenko, Sofia"]
[Black "Biliak, Viktoria"]
[Result "0-1"]
[WhiteElo "1730"]
[BlackElo "1719"]
[PlyCount "152"]
[EventDate "2016.04.06"]
[EventType "tourn"]
[EventRounds "11"]
[EventCountry "UKR"]
[SourceTitle "CBM 171 Extra"]
[Source "ChessBase"]
[SourceDate "2016.04.26"]
[SourceVersion "1"]
[SourceVersionDate "2016.04.26"]
[SourceQuality "1"]

1. e4 e6 2. Nf3 d5 3. Nc3 d4 4. Ne2 c5 5. c3 Nf6 6. d3 dxc3 7. Nxc3 Nc6 8. Bg5 Be7 9. Qd2 b6 10. Be2 Bb7 11. Bf4 a6 12. 0-0 0-0 13. Rfd1 Nd4 14. Rac1 Rc8 15. Re1 h6 16. h3 Nxf3+ 17. Bxf3 Qd7 18. Rcd1 Rfd8 19. Qc2 Qe8 20. Qe2 Rd7 21. Be5 Qd8 22. Qe3 Nh7 23. Bg4 Bf6 24. Bxf6 Nxf6 25. Be2 Qc7 26. f4 Rcd8 27. Rc1 Bc6 28. Kh1 Qb7 29. Rg1 c4 30. dxc4 Nxe4 31. Nxe4 Bxe4 32. Rc3 Rd2 33. Rb3 Qc6 34. Bf1 b5 35. cxb5 axb5 36. Rc3 Qb7 37. Rb3 b4 38. Qg3 Rc2 39. a3 Rd4 40. Rxb4 Rxb4 41. axb4 Qxb4 42. b3 Rc3 43. Qh4 Qxb3 44. Kh2 Rc2 45. Qd8+ Kh7 46. Qd4 Bf5 47. Kh1 Rc3 48. Qf2 Qc2 49. Qxc2 Rxc2 50. Kh2 f6 51. Ba6 Be4 52. Kg3 g5 53. fxg5 hxg5 54. Bb5 f5 55. Ba4 Rd2 56. Bb5 Kg6 57. Be8+ Kf6 58. Bb5 f4+ 59. Kg4 Rxg2+ 60. Rxg2 Bxg2 61. h4 gxh4 62. Kxf4 h3 63. Kg3 e5 64. Bd3 Ke6 65. Bc4+ Kd6 66. Bd3 Kd5 67. Ba6 Kd4 68. Be2 e4 69. Kh2 Ke3 70. Bb5 Kf2 71. Bc4 e3 72. Bd3 Bf1 73. Be4 e2 74. Bd3 e1Q 75. Be4 Qb4 76. Bd5 Qd6+ 0-1

[Event "UKR-ch U14 Girls"]
[Site "Vinnytsia"]
[Date "2016.04.07"]
[Round "2"]
[White "Dubovyk, Anastasiia"]
[Black "Biliak, Viktoria"]
[Result "1-0"]
[WhiteElo "1571"]
[BlackElo "1719"]
[PlyCount "49"]
[EventDate "2016.04.06"]
[EventType "tourn"]
[EventRounds "11"]
[EventCountry "UKR"]
[SourceTitle "CBM 171 Extra"]
[Source "ChessBase"]
[SourceDate "2016.04.26"]
[SourceVersion "1"]
[SourceVersionDate "2016.04.26"]
[SourceQuality "1"]

1. e4 e6 2. d4 d5 3. e5 c5 4. c3 Nc6 5. Nf3 Qb6 6. a3 c4 7. Nbd2 Na5 8. Be2 Bd7 9. Qc2 h6 10. Rb1 Nb3 11. Nxb3 Ba4 12. Nfd2 Bxb3 13. Nxb3 cxb3 14. Qd3 a6 15. c4 dxc4 16. Qxc4 Ne7 17. 0-0 Rc8 18. Qa4+ Nc6 19. Be3 Qc7 20. Rbc1 Be7 21. Qxb3 0-0 22. Bd3 Qd7 23. Bb1 Nxd4 24. Qd3 Rxc1 25. Qh7# 1-0